Premier League Quiz - Statistics

General Stats
  • This quiz has been taken 45 times
  • The average score is 11 of 15
Answer Stats
Question Answer % Correct
Which team was it? Leicester City
95%
Which Premier League team has the most Premier League championships? Manchester United
93%
How many teams have gone invincible? 1
89%
Which two clubs have won the Champions League but not the Premier League? Aston Villa and Nottingham Forest
89%
Who is known for running into the crowd and kicking a fan? Eric Cantona
89%
Which manager has the most Premier League titles? Sir Alex Feguson
89%
Who has the most goals in Premier League history? Alan Shearer
86%
Which team was it? Arsenal
84%
Which announcer is known for the line "Ballotelli Agueroooooooooo" Martin Tyler
84%
Who is the record signing by a Premier League club? Paul Pogba
73%
When was the last time a team not in the top 6 won the Premier League? 2015-16
70%
How many managers have Arsenal had up until the hiring of Mikel Arteta? (includes caretaker managers/interim managers) 27
34%
How many nations are there in the 2020-21 season with 25 or more players? 4
30%
Which two teams has won the FA Cup 3 times but not the Premier League? West Ham United and Sheffield Wednesday
30%
How many nations only have one player in the Premier League in the 2020-21 season? 20
20%
No matching quizzes found
Score Distribution
Percent of People with Each Score
Percentile by Number Answered
Your Score History
You have not taken this quiz